| 000 | 00388nam a22001697a 4500 | ||
|---|---|---|---|
| 005 | 20180621100443.0 | ||
| 008 | 160601b xxu||||| |||| 00| 0 eng d | ||
| 020 | _a81-85502-56-0 | ||
| 041 | _aeng | ||
| 082 |
_b6706 _a658 |
||
| 100 |
_aGriffin _9638 |
||
| 245 | _aFundamentals of Management | ||
| 260 | _bAll India Publist | ||
| 300 | _a451 | ||
| 650 |
_aManagement _9241 |
||
| 942 | _cBK | ||
| 999 |
_c2333 _d2332 |
||